00482nam a2200205Ia 4500003000900000005001700009008004100026040001300067040001300080041000800093100001800101245006700119250001100186260002400197260000900221300001100230300001000241490001900251490000600270IT-RoPAU20220918175825.0120407s9999 xx 000 0 und d aIT-RoPAU cIT-RoPAU aita aRomano Scalfi aRinascita cristiana nell’Urss. Testi del samizdat religioso aMilano aLa casa di Matriona c1977 a294 p. c18 cm aTestimonianze  v4